OPAC Home

ඇමෙරිකා එක්සත්‍ ජනපද රාජ්‍යය හා ඇමෙරිකාව (Record no. 107342)

MARC details
000 -LEADER
fixed length control field 00544nam a2200169Ia 4500
003 - CONTROL NUMBER IDENTIFIER
control field LK-CoDNM
008 - FIXED-LENGTH DATA ELEMENTS--GENERAL INFORMATION
fixed length control field 010623t1967 xxu||||| |||| 00| 1 sin d
040 ## - CATALOGING SOURCE
Original cataloging agency LK-CoDNM
Modifying agency LK-CoDNM
Description conventions LK-CoDNM
041 ## - LANGUAGE CODE
Language code of text/sound track or separate title Sinhala; Sinhalese
080 ## - UNIVERSAL DECIMAL CLASSIFICATION NUMBER
Universal Decimal Classification number 973HET
942 ## - ADDED ENTRY ELEMENTS (KOHA)
Koha item type Books
100 ## - MAIN ENTRY--PERSONAL NAME
Personal name Hettiarachchi,D.E.
245 ## - TITLE STATEMENT
Title ඇමෙරිකා එක්සත්‍ ජනපද රාජ්‍යය හා ඇමෙරිකාව
246 ## - VARYING FORM OF TITLE
Title proper/short title America Eksath Janapada Rajya ha Americawa
260 ## - PUBLICATION, DISTRIBUTION, ETC. (IMPRINT)
Name of publisher, distributor, etc. Department of Cultural
Place of publication, distribution, etc. Colombo
Date of publication, distribution, etc. 1967
300 ## - PHYSICAL DESCRIPTION
Other physical details 245p,pl, 30 cm
Holdings
Withdrawn status Lost status Damaged status Not for loan Collection code Permanent Location Current Location Date acquired Full call number Barcode Koha item type
        Monographs Library National Museum Colombo - Sri Lanka Library National Museum Colombo - Sri Lanka 2023-08-02 973HET 106219 Books
Copyright © 2023 Department of National Museum, Colombo 07, Sri Lanka Funded by UNESCO IFAP UNESCO